[Event "TUR Cup										"]
[Site "Antalya"]
[Date "2018.01.31"]
[Round "7"]
[White "Yassibag, Yusuf"]
[Black "Durak, Yunus Emre"]
[Result "0-1"]
[WhiteElo "1202"]
[BlackElo "1028"]
[PlyCount "32"]
[EventDate "2018.01.27"]
[EventType "swiss"]
[EventRounds "11"]
[EventCountry "TUR"]
[SourceTitle "CBM 182 Extra"]
[Source "ChessBase"]
[SourceDate "2018.02.23"]
[SourceVersion "1"]
[SourceVersionDate "2018.02.23"]
[SourceQuality "1"]

1. c4 e5 2. Nc3 Nf6 3. Nf3 Nc6 4. g3 d5 5. cxd5 Nxd5 6. d3 Bf5 7. Nxd5 Qxd5 8. e4 Bxe4 9. dxe4 Qxe4+ 10. Qe2 Qb4+ 11. Qd2 Qe4+ 12. Be2 Nd4 13. Nxd4 Qxd4 14. Bf1 Qe4+ 15. Be2 Bc5 16. Qc3 Bb4 0-1

[Event "TUR Cup										"]
[Site "Antalya"]
[Date "2018.01.28"]
[Round "2"]
[White "Durak, Yunus Emre"]
[Black "Bolukdemir, Mert"]
[Result "0-1"]
[WhiteElo "1028"]
[BlackElo "1589"]
[PlyCount "70"]
[EventDate "2018.01.27"]
[EventType "swiss"]
[EventRounds "11"]
[EventCountry "TUR"]
[SourceTitle "CBM 182 Extra"]
[Source "ChessBase"]
[SourceDate "2018.02.23"]
[SourceVersion "1"]
[SourceVersionDate "2018.02.23"]
[SourceQuality "1"]

1. d4 d5 2. c4 c6 3. Nc3 Nf6 4. Nf3 e6 5. Bg5 Nbd7 6. Ne5 Qa5 7. Nxd7 Bxd7 8. Bxf6 gxf6 9. e3 0-0-0 10. a3 dxc4 11. Bxc4 Qg5 12. 0-0 h5 13. Ne4 Qg6 14. Bd3 f5 15. Nc3 Bd6 16. f4 h4 17. b4 f6 18. b5 e5 19. d5 cxd5 20. Nxd5 e4 21. Qc1+ Kb8 22. Bc4 Rc8 23. b6 a6 24. a4 Be6 25. Rd1 Qf7 26. Kf2 Rhd8 27. Rb1 Bc5 28. Qd2 Bxe3+ 29. Qxe3 Bxd5 30. Rxd5 Rxd5 31. Qb3 Rxc4 32. Qxc4 Rd2+ 33. Qe2 Rxe2+ 34. Kxe2 Qa2+ 35. Ke3 Qxb1 0-1

[Event "TUR Cup"]
[Site "Antalya"]
[Date "2017.01.30"]
[Round "4"]
[White "Suvar, Necati"]
[Black "Durak, Yunus Emre"]
[Result "1-0"]
[WhiteElo "1245"]
[BlackElo "1028"]
[PlyCount "41"]
[EventDate "2017.01.28"]
[EventType "swiss"]
[EventRounds "11"]
[EventCountry "TUR"]
[SourceTitle "CBM 176 Extra"]
[Source "ChessBase"]
[SourceDate "2017.03.02"]
[SourceVersion "1"]
[SourceVersionDate "2017.03.02"]
[SourceQuality "1"]

1. e4 e5 2. Nf3 f6 3. d4 d6 4. Nc3 b6 5. Bc4 Bb7 6. Qe2 Ne7 7. 0-0 Qd7 8. dxe5 dxe5 9. Rd1 Qc6 10. Bb5 Nd7 11. Bxc6 Bxc6 12. Be3 0-0-0 13. a4 a5 14. b4 Bb7 15. bxa5 bxa5 16. Rab1 Nc6 17. Qb5 Bb4 18. Na2 Kb8 19. Nxb4 Nxb4 20. c3 Na6 21. Qxb7# 1-0